Family Members by Family YouTube Channel (the Ultimate Quiz) - Statistics

General Stats
  • This quiz has been taken 468 times
    412 since last reset
  • The average score is 98 of 426
Answer Stats
Hint Parent/Kid Answer % Correct
Trav and Cor Mother Corey
65%
8 Passengers Daughter Eve
61%
Kids Fun TV Son Jack
59%
LaBrant Fam Mother Savannah
58%
The Ohana Adventure Daughter Cora
55%
RomanAtwoodVlogs Daughter Cora
55%
The Ohana Adventure Mother Rachel
55%
Funnel Vision Son Shawn
55%
We are the Davises Father Shawn
55%
Tannerites Daughter Allie
54%
Ninja Kidz TV Mother Allie
54%
Beyond Family Father John
54%
The Ohana Adventure Daughter Evee
53%
The Ohana Adventure Son Shae
51%
The Ohana Adventure Son Wyatt
51%
The Ohana Adventure Daughter Rykel
50%
SACCONEJOLYs Mother Anna
49%
Tannerites Mother Sarah
49%
Kids Fun TV Mother Sarah
49%
Ingham Family Mother Sarah
49%
Dad VS Girls Mother Sarah
49%
That Youtube Family Father David
48%
Family Fun Pack Son David
48%
The Beach House Daughter Ellie
48%
Ellie and Jared Mother Ellie
48%
The Ohana Adventure Father Jase
48%
That Youtube Family Daughter Jordan
48%
Dougherty Dozen Son Jordan
48%
The Ohana Adventure Daughter Klailea
48%
Shot of The Yeagers Daughter Payton
48%
Ninja Kidz TV Daughter Payton
48%
Johnson Fam Daughter Peyton
48%
That Youtube Family Son Ty
48%
Life as we GOmez Son Ty
48%
That Youtube Family Son Jacob
45%
The Beach House Father Michael
45%
Family Fun Pack Son Michael
45%
Crazy Middles Daughter Elizabeth
44%
April and Davey Daughter Elizabeth
44%
Crazy Middles Father Jared
44%
Tube Family Father Jared
44%
Ellie and Jared Father Jared
44%
Tannerites Daughter Savannah
44%
Crazy Pieces Daughter Savannah
44%
Family Fun Pack Son Chris
43%
Ballinger Family Father Chris
43%
JesssFam Father Chris
43%
Ingham Family Father Chris
43%
Not Enough Nelsons Daughter Kass
43%
The Royalty Family Father Ali
42%
Not Enough Nelsons Son Luke
42%
Ballinger Family Son Luke
42%
Carl & Jinger Son Luke
42%
Anazala Family Daughter Mila
42%
Ingham Family Daughter Mila
42%
The ACE Family Daughter Elle
41%
Tannerites Son Azbury
40%
Tannerites Daughter Daniell
40%
Tannerites Daughter Lizzy
40%
That Youtube Family Mother Katie
39%
Bratayley Mother Katie
39%
This is how we Bingham Daughter Madison
39%
The Norris Nuts Son Biggy
38%
Not Enough Nelsons Son-in-Law Chase
38%
Funnel Vision Son Chase
38%
Not Enough Nelsons Daughter Paislee
38%
Not Enough Nelsons Son Trey
38%
Crazy Middles Son Trey
38%
Tannerites Son Branson
37%
Tannerites Son Canyon
37%
Not Enough Nelsons Son-in-Law Josh
37%
Dyches Fam Father Josh
37%
JKrew Father Josh
37%
Not Enough Nelsons Daughter Nayvee
37%
Not Enough Nelsons Daughter Preslee
37%
That Youtube Family Daughter Audrey
36%
Family Fun Pack Daughter Chloe
36%
Life with Beans Mother Chloe
36%
Dad VS Girls Daughter Chloe
36%
Not Enough Nelsons Daughter Journee
36%
Not Enough Nelsons Daughter Lilee
36%
The Norris Nuts Daughter Naz
36%
Not Enough Nelsons Son Bridger
35%
Not Enough Nelsons Daughter Kennadee
35%
The Norris Nuts Daughter Sockie
35%
Not Enough Nelsons Mother TIffany
35%
Not Enough Nelsons Son Beckham
34%
The Royalty Family Son Ferran
34%
The Beach House Son James
34%
Dougherty Dozen Son James
34%
Shot of The Yeagers Mother Jamie
34%
Crazy Pieces Daughter Jamie
34%
Kids Fun TV Daughter Jazzy
34%
Kids Fun TV Son Kade
34%
Carl & Jinger Son Kyle
34%
Not Enough Nelsons Son Ledger
34%
Daily Bumps Son Oliver
34%
Ninja Kidz TV Son Paxton
34%
The Norris Nuts Daughter Sabre
34%
Crazy Pieces Son Alex
33%
Dougherty Dozen Son Alex
33%
FamilyoFive Son Alex
33%
Ninja Kidz TV Son Ashton
33%
Shot of The Yeagers Daughter Blake
33%
Crazy Middles Granddaughter Blake
33%
Fishfam Daughter Blake
33%
The Crosbys Father Dave
33%
Crazy Pieces Son Jake
33%
FamilyoFive Son Jake
33%
Tannerites Daughter-in-Law Mara
33%
Not Enough Nelsons Daughter Saidee
33%
Shot of The Yeagers Father Steve
33%
The Royalty Family Mother Andrea
32%
SACCONEJOLYs Son Andrea
32%
Not Enough Nelsons Father Benji
32%
LaBrant Fam Father Cole
32%
The Norris Nuts Son Disco
32%
Crazy Middles Son-in-Law Eli
32%
Not Enough Nelsons Daughter Ellecee
32%
Tannerites Father Johnny
32%
Beyond Family Daughter Madison
32%
Fishfam Mother Madison
32%
Dad VS Girls Daughter Madison
32%
RomanAtwoodVlogs Son Noah
32%
Anazala Family Son Noah
32%
Shot of The Yeagers Daughter Parker
32%
Ballinger Family Son Parker
32%
Shot of The Yeagers Son Stephen
32%
Shot of The Yeagers Daughter Taylor
32%
Ninja Kidz TV Son Bryton
31%
The Norris Nuts Daughter Charm
31%
Not Enough Nelsons Daughter Delaynee
31%
LaBrant Fam Daughter Everleigh
31%
New Zealand Family Father Sam
31%
Sam and Nia Father Sam
31%
April and Davey Mother April
30%
Kids Fun TV Son Kyler
30%
Fishfam Father Kyler
30%
Family Fizz Daughter Mia
30%
LaBrant Fam Daughter Posie
30%
J House Son Caleb
29%
Bratayley Son Caleb
29%
Not Enough Nelsons Daughter Jaine
29%
The Beach House Son Max
29%
Crazy Pieces Son Max
29%
Fishfam Son Oliver
29%
Family Fun Pack Son Owen
29%
SHAYTARDS Father Shay Carl
29%
Familia Diamond Daughter Txunamy
29%
April and Davey Father Davey
28%
The Norris Nuts Father Justin
28%
Family Fun Pack Son Zac
28%
Life as we GOmez Daughter Hallie
27%
Crazy Middles Son Jacob
27%
Ballinger Family Son Jacob
27%
The Royalty Family Son Milan
27%
LaBrant Fam Son Zealand
27%
Family Fun Pack Daughter Alyssa
26%
The Norris Nuts Mother Brooke
26%
Bratayley Daughter Hayley
26%
Shot of The Yeagers Daughter Jordyn
26%
Kids Fun TV Daughter Kalia
26%
Kids Fun TV Father Brandon
25%
Dougherty Dozen Daughter Bree
25%
Ballinger Family Mother Jessica
25%
JesssFam Mother Jessica
25%
Sam and Nia Mother Nia
25%
LaBrant Fam Daughter Sunday
25%
Carl & Jinger Father Carl
24%
Dougherty Dozen Son Jason
24%
Bratayley Daughter Jules
24%
Crazy Middles Son Landon
24%
Crazy Middles Son-in-Law Marc
24%
Trav and Cor Father Travis
24%
Bratayley Father Billy
23%
Wingrove Family Father Billy
23%
The Beach House Son Charlie
23%
8 Passengers Daughter Julie
23%
Family Fun Pack Father Matt
23%
RomanAtwoodVlogs Father Roman
23%
Wingrove Family Son Roman
23%
Carl & Jinger Mother Jinger
22%
Crazy Middles Son Jonathan
22%
SACCONEJOLYs Father Jonathan
22%
Family Fizz Daughter Karma
22%
Ninja Kidz TV Father Shane
22%
8 Passengers Son Chad
21%
The Beach House Son Corbin
21%
Crazy Pieces Daughter Hannah
21%
Slyfox Family Mother Hannah
21%
Crazy Middles Daughter Kylie
21%
Crazy Pieces Son Logan
21%
The LeRoys Son Logan
21%
Crazy Middles Son Mason
21%
Funnel Vision Son Mike
21%
FamilyoFive Father Mike
21%
Daily Bumps Mother Missy
21%
The Beach House Mother Rebecca
21%
Crazy Middles Mother Shelly
21%
Family Fizz Daughter Sienna
21%
Dougherty Dozen Daughter Zoey
21%
8 Passengers Daughter Abby
20%
Crazy Middles Daughter Addison
20%
Crazy Middles Son Braxton
20%
SHAYTARDS Daughter Emmi
20%
Crazy Middles Son Kason
20%
Family Fizz Son Koa
20%
Crazy Pieces Son Liam
20%
JKrew Son Liam
20%
8 Passengers Mother Ruby
20%
Crazy Pieces Father Aaron
19%
Crazy Middles Daughter Aubrey
19%
Crazy Pieces Daughter Aurora
19%
Daily Bumps Father Bryan
19%
Dad VS Girls Daughter Grace
19%
Crazy Middles Daughter Lacey
19%
Fishfam Daughter Oakley
19%
JesssFam Stepson Tommy
19%
Ellie and Jared Son Tommy
19%
Anazala Family Father Anas
18%
Anazala Family Mother Asala
18%
Crazy Middles Son Cody
18%
FamilyoFive Son Cody
18%
Crazy Pieces Mother Crystal
18%
Family Fizz Father Darren
18%
Crazy Middles Daughter Destiny
18%
Familia Diamond Son Diezel
18%
Crazy Pieces Daughter Izabelle
18%
8 Passengers Father Kevin
18%
Family Fun Pack Mother Kristine
18%
Funnel Vision Daughter Lexi
18%
Crazy Pieces Son Lucas
18%
Familia Diamond Son Ranger
18%
Fishfam Daughter Taytum
18%
Crazy Middles Son Weston
18%
Crazy Middles Daughter Brinley
17%
Daily Bumps Son Finley
17%
The LeRoys Daughter Kesley
17%
JKrew Daughter Maddy
17%
The LeRoys Daughter Perri
17%
8 Passengers Daughter Shari
17%
Beyond Family Daughter Trinity
17%
The ACE Family Father Austin
16%
Ballinger Family Daughter Bailey
16%
The Royalty Family Daughter Blu Amal
16%
Daily Bumps Daughter Brielle
16%
Crazy Middles Daughter Cynthia
16%
Dougherty Dozen Son Dash
16%
Crazy Pieces Daughter Halie
16%
Ingham Family Son Jace
16%
JesssFam Son Kaden
16%
This is how we Bingham Son Krew
16%
JesssFam Son Kyson
16%
J House Daughter Laura
16%
Dougherty Dozen Son Patrick
16%
The LeRoys Daughter Reese
16%
The LeRoys Son Rhett
16%
8 Passengers Son Russell
16%
Crazy Middles Son Spencer
16%
Crazy Middles Daughter Anavaeh
15%
Crazy Pieces Daughter Ariana
15%
Dougherty Dozen Son Bodhi
15%
The ACE Family Mother Catherine
15%
The LeRoys Father Cory
15%
April and Davey Daughter Daisy
15%
April and Davey Son Frankie
15%
The Bee Family Daughter Gabriela
15%
Family Fizz Mother Georgie
15%
Crazy Middles Son Harlan
15%
Dougherty Dozen Daughter Harlee
15%
This is how we Bingham Daughter Hazyl
15%
Ingham Family Daughter Isabelle
15%
Weiss Life Father Jeff
15%
Johnson Fam Father Jeff
15%
JesssFam Daughter Lilia
15%
Crazy Pieces Daughter Melinda
15%
This is how we Bingham Mother Mindy
15%
Johnson Fam Daughter Olivia
15%
Familia Diamond Daughter Solage
15%
Dyches Fam Son William
15%
This is how we Bingham Father Branden
14%
JesssFam Stepson Caden
14%
The Prince Family Son DJ
14%
Pantons Squad Son DJ
14%
Ballinger Family Son Duncan
14%
Life with Beans Son Evan
14%
Tube Family Son Evan
14%
The Crosbys Daughter June
14%
Crazy Pieces Son Rylan
14%
This is how we Bingham Son Ryler
14%
The ACE Family Son Steel
14%
Ballinger Family Son Teddy
14%
This is how we Bingham Son Brexsen
13%
Crazy Pieces Son Brody
13%
The Crosbys Daughter Claire
13%
Fishfam Son Cohen
13%
Dougherty Dozen Son Dayshawn
13%
J House Daughter Elise
13%
Ingham Family Daughter Esme
13%
Weiss Life Daughter Gabrielle
13%
Ingham Family Daughter Isla
13%
Ellie and Jared Son Jackson
13%
Wingrove Family Mother Kate
13%
JesssFam Son Landen
13%
The Bee Family Son Roberto
13%
Life as we GOmez Daughter Stella
13%
We are the Davises Son Tyler
13%
The ACE Family Daughter Alaia
12%
SACCONEJOLYs Daughter Alessia
12%
Dougherty Dozen Mother Alicia
12%
April and Davey Daughter Ambree
12%
The Bee Family Father Andres
12%
JKrew Son Anthony
12%
Crazy Middles Granddaughter Bexley
12%
Ninja Kidz TV Son Cayson
12%
Crazy Middles Son-in-Law Dylan
12%
SACCONEJOLYs Daughter Edie
12%
SACCONEJOLYs Daughter Emilia
12%
April and Davey Son Ender
12%
Familia Diamond Mother Esthalla
12%
Life with Beans Son Henry
12%
The Beach House Daughter Honey
12%
J House Son Isaac
12%
J House Father Jeremy
12%
J House Mother Kendra
12%
Dyches Fam Daughter Nikoi
12%
The Prince Family Daughter Nova
12%
SmellyBellyTV Daughter Rory
12%
The Bee Family Mother Rossana
12%
Crazy Pieces Granddaughter Scarlett
12%
Familia Diamond Father Sdiezzel
12%
Dad VS Girls Daughter Sophie
12%
Dyches Fam Son Tayden
12%
April and Davey Son Zade
12%
JesssFam Daughter Addelyn
11%
Weiss Life Daughter Gemma
11%
Weiss Life Daughter Gracelynn
11%
We are the Davises Daughter Kayla
11%
The Prince Family Son Kyrie
11%
Life as we GOmez Daughter Livvy
11%
Crazy Middles Daughter Nichole
11%
Beyond Family Son Preston
11%
Dyches Fam Son Roswell
11%
The Crosbys Mother Ashley
10%
K-City Family Daughter Ava
10%
The Prince Family Daughter Ayla
10%
The Prince Family Mother Biannca
10%
Life as we GOmez Mother Chelsea
10%
Dyches Fam Mother Christina
10%
J House Daughter Janae
10%
SmellyBellyTV Daughter Jayla
10%
Dougherty Dozen Father Joshua
10%
Life as we GOmez Father Marcos
10%
Weiss Life Mother Melissa
10%
Funnel Vision Mother Samantha
10%
The LeRoys Mother Shanna
10%
Slyfox Family Father Andrew
9%
SmellyBellyTV Daughter Aydah
9%
Ellie and Jared Son Calvin
9%
The Prince Family Father Damien
9%
Pantons Squad Father Don
9%
FamilyoFive Daughter Emma
9%
Life with Beans Son Felix
9%
Weiss Life Daughter Gretchen
9%
Dad VS Girls Father Joel
9%
Johnson Fam Mother Natalia
9%
Life with Beans Daughter Pearl
9%
Trav and Cor Son Tydus
9%
Funnel Vision Father Vincent
9%
SHAYTARDS Son Brock
8%
The Crosbys Son Carson
8%
Life with Beans Son Cosmo
8%
SmellyBellyTV Father Jesse
8%
Tube Family Daughter Jillian
8%
Dad VS Girls Daughter Kaci
8%
Life with Beans Son Otto
8%
April and Davey Daughter Roberta
8%
Life with Beans Father Rohan
8%
Life with Beans Son Rufus
8%
FamilyoFive Son Ryan
8%
Onyx Family Daughter Shasha
8%
Life with Beans Daughter Sylvie
8%
SmellyBellyTV Mother Terra
8%
Pantons Squad Daughter Yaya
8%
Life with Beans Daughter Birdie
7%
Trav and Cor Daughter Bowie
7%
Pantons Squad Son Bryson
7%
Slyfox Family Son Caspian
7%
SHAYTARDS Son Daxton
7%
SHAYTARDS Son Gavin
7%
Weiss Life Daughter Gwyneth
7%
Dougherty Dozen Daughter Nevaeh
7%
Onyx Family Son Shiloh
7%
Onyx Family Daughter Sinead
7%
Sam and Nia Daughter Symphony
7%
SHAYTARDS Daughter Avia
6%
We are the Davises Mother Connie
6%
Trav and Cor Daughter Ryry
6%
Onyx Family Daughter Shalom
6%
Sam and Nia Son Abram
5%
Tube Family Mother Alisa
5%
New Zealand Family Daughter Atlanta
5%
JKrew Daughter Bini
5%
RomanAtwoodVlogs Mother Brittney
5%
SHAYTARDS Mother Colette
5%
Carl & Jinger Son Gage
5%
Ellie and Jared Daughter Jenny
5%
Sam and Nia Daughter Juliet
5%
RomanAtwoodVlogs Son Kane
5%
RomanAtwoodVlogs Son Knox
5%
Pantons Squad Mother Malinda
5%
JKrew Daughter Priscilla
5%
Onyx Family Mother Rita
5%
JKrew Mother Sandy
5%
Wingrove Family Daughter Amelie
4%
Beyond Family Mother Casi
4%
New Zealand Family Son Denzel
4%
Wingrove Family Son Dustie
4%
Slyfox Family Daughter Jaedyn
4%
Onyx Family Father Mitchell
4%
New Zealand Family Mother Nadine
4%
K-City Family Father DadCity
2%
FamilyoFive Mother Heather
2%
The Crosbys Daughter Millie Blake
2%
K-City Family Mother MomCity
1%
K-City Family Son LilFlash
0%
No matching quizzes found
Score Distribution
Percent of People with Each Score
Percentile by Number Answered
Your Score History
You have not taken this quiz since the last reset